书目信息 |
| 题名: |
2003中国年度最佳网络文学
|
|
| 作者: | ;榕树下图书工作室 选编 | |
| 分册: | ||
| 出版信息: | 桂林 漓江出版社 2004.01 |
|
| 页数: | 427页 | |
| 开本: | 21cm | |
| 丛书名: | 中国年度最佳作品系列 | |
| 单 册: | ||
| 中图分类: | I217.61 | |
| 科图分类: | ||
| 主题词: | 文学--wen xue--作品--中国--2003--选集 | |
| 电子资源: | ||
| ISBN: | 7-5407-3070-6 | |
| 000 | 01014nam 2200253 450 | |
| 001 | 012008162141 | |
| 005 | 20080316144654.12 | |
| 010 | @a7-5407-3070-6@dCNY22.00 | |
| 100 | @a20080316d2004 km y0chiy0120 ea | |
| 101 | 0 | @achi |
| 102 | @aCN@b450000 | |
| 105 | @ay z 000zy | |
| 106 | @ar | |
| 200 | 1 | @a2003中国年度最佳网络文学@A2003 zhong guo nian du zui jia wang luo wen xue@f榕树下图书工作室选编@Frong shu xia tu shu gong zuo shi xuan bian |
| 210 | @a桂林@c漓江出版社@d2004.01 | |
| 215 | @a427页@d21cm | |
| 225 | 2 | @a中国年度最佳作品系列@Azhong guo nian du zui jia zuo pin xi lie@i2003年选大系 |
| 330 | @a本书选自“榕树下”网站2003发表过的小说、随笔等作品,计三十余篇。作品充满才思与灵气,运笔晓畅,具有较高的艺术水准。 | |
| 410 | 0 | @12001 @a中国年度最佳作品系列@i2003年选大系 |
| 606 | 0 | @a文学@Awen xue@x作品@y中国@z2003@j选集 |
| 690 | @aI217.61@v4 | |
| 711 | 02 | @a榕树下图书工作室@Arong shu xia tu shu gong zuo shi@4选编 |
| 801 | 0 | @aCN@bQSSK@c20080316 |
| 905 | @b20285438-40@dI217.61@eR763@f3 | |
| 2003中国年度最佳网络文学/榕树下图书工作室选编.-桂林:漓江出版社,2004.01 |
| 427页;21cm .-(中国年度最佳作品系列.2003年选大系) |
| ISBN 7-5407-3070-6:CNY22.00 |
| 本书选自“榕树下”网站2003发表过的小说、随笔等作品,计三十余篇。作品充满才思与灵气,运笔晓畅,具有较高的艺术水准。 |
| ● |
| 相关链接 |
|
|
|
正题名:2003中国年度最佳网络文学
索取号:I217.61/R763
 
预约/预借
| 序号 | 登录号 | 条形码 | 馆藏地/架位号 | 状态 | 备注 |
| 1 | 285438 | 202854385 | 文学库108/108文学库 15排8列2层/ [索取号:I217.61/R763] | 在馆 | |
| 2 | 285439 | 202854394 | 社科二线400B/400B社科库 12排4列5层/ [索取号:I217.61/R763] | 在馆 | |
| 3 | 285440 | 202854401 | 文学库108/108文学库 15排8列2层/ [索取号:I217.61/R763] | 在馆 |